The three worlds of welfare capitalism

I tiakina i:
Ngā taipitopito rārangi puna kōrero
Kaituhi matua: Esping-Andersen, Gosta (Author)
Hōputu: Pukapuka
Reo:Pāniora
I whakaputaina: Cambridge Polity Press 2006
Putanga:1a. ed
Ngā marau:
Ngā Tūtohu: Tāpirihia he Tūtohu
Kāore He Tūtohu, Me noho koe te mea tuatahi ki te tūtohu i tēnei pūkete!

MARC

LEADER 00000cam a2200000 a 4500
001 UCE8845
003 CL-VaPUC
008 150904e20060000uk |||||||||||||||||spa|d
020 |a 9780745607962 
082 0 4 |a 330.1  |b ESP  |2 21 
100 0 |a Esping-Andersen, Gosta  |e author  |9 581594 
245 1 4 |a The three worlds of welfare capitalism 
250 |a 1a. ed 
300 |a 248 p 
942 |c BK 
945 |d 20150904 11:50:00  |a gsalatino 
260 |a Cambridge  |b Polity Press  |c 2006 
650 0 |a Capitalismo  |9 255255 
650 0 |a Teoría económica  |9 315055 
650 7 |a ECONOMIA DE BIENESTAR  |2 CL-VaPUC  |9 258155 
583 |a last modification  |c 20150904 11:50:00  |k Rodrigo Vera 
999 |c 360614  |d 360612 
952 |0 0  |1 0  |3 erb  |4 0  |6 330_100000000000000_ESP_2006  |7 0  |8 A  |9 470491  |a BIBGIM  |b BIBGIM  |i 5196434  |o 330.1 ESP 2006  |p 5196434  |r 2025-01-15  |w 2019-11-23  |y BK  |z Catalogado en:20150904  |k SSL